000 00672nam a2200277Ia 4500
005 20260324112317.0
008 008 260324s9999 xx 000 0 eng d
020 _a9781003474937
037 _aEBOOK
040 _aCRL
040 _beng
040 _cCRL
041 _2eng
041 _aeng
084 _qCRL
100 _aAsh Barnes
_91142167
245 0 _aSexual and Physical Violence in Australian Punk and Hardcore Music Scenes
260 _bTaylor and Francis
260 _c2024
365 _a
365 _b220
856 _uhttp://www.taylorfrancis.com/books/9781003474937
942 _cEBOOK
999 _c1731325
_d1731325